<?xml version="1.0" encoding="UTF-8"?><?xml-stylesheet type="text/xsl" href="static/style.xsl"?><OAI-PMH xmlns="http://www.openarchives.org/OAI/2.0/" xmlns:xsi="http://www.w3.org/2001/XMLSchema-instance" xsi:schemaLocation="http://www.openarchives.org/OAI/2.0/ http://www.openarchives.org/OAI/2.0/OAI-PMH.xsd"><responseDate>2026-06-29T02:40:21Z</responseDate><request verb="GetRecord" identifier="oai:docta.ucm.es:20.500.14352/122323" metadataPrefix="marc">https://docta.ucm.es/rest/oai/request</request><GetRecord><record><header><identifier>oai:docta.ucm.es:20.500.14352/122323</identifier><datestamp>2025-07-09T00:05:29Z</datestamp><setSpec>com_20.500.14352_14</setSpec><setSpec>col_20.500.14352_15</setSpec></header><metadata><record xmlns="http://www.loc.gov/MARC21/slim" xmlns:dcterms="http://purl.org/dc/terms/" xmlns:xsi="http://www.w3.org/2001/XMLSchema-instance" xmlns:doc="http://www.lyncode.com/xoai" xsi:schemaLocation="http://www.loc.gov/MARC21/slim http://www.loc.gov/standards/marcxml/schema/MARC21slim.xsd">
   <leader>00925njm 22002777a 4500</leader>
   <datafield ind2=" " ind1=" " tag="042">
      <subfield code="a">dc</subfield>
   </datafield>
   <datafield ind2=" " ind1=" " tag="720">
      <subfield code="a">Duarte Calvo, Antonio Jaime</subfield>
      <subfield code="e">author</subfield>
   </datafield>
   <datafield ind2=" " ind1=" " tag="260">
      <subfield code="c">2024</subfield>
   </datafield>
   <datafield ind2=" " ind1=" " tag="520">
      <subfield code="a">En este artículo reflexionaremos sobre las hipótesis que nos llevan a la risa en el humor verbal. Nos centraremos, por tanto, en las hipótesis interpretativas referidas al uso del lenguaje. El objetivo es doble: por un lado, enfatizar cómo el complejo mecanismo de interpretación de una preferencia en las desviaciones humorísticas intencionales del uso del lenguaje nos pude trasladar a contextos risibles diferentes; por otro lado, mostrar que cuando surge la risa, por muy diferente que sea la situación, intención, o no intención humorística, nuestra mente ha reaccionado creativamente. Finalmente, exploraremos la relación de cada uno de los contextos presentados, de cada una de estas situaciones, con alguna de las teorías clásicas sobre el humor y lo cómico.</subfield>
   </datafield>
   <datafield ind2=" " ind1=" " tag="520">
      <subfield code="a">In this paper I reflect on the hypotheses that lead us to laughter in verbal humor. I focus, therefore, on the interpretative hypotheses referred to the use of language. The aim is twofold: on the one hand, to emphasize how the complex mechanism of interpretation of an utterance in intentional humorous deviations from the ordinary use of language can take us to different laughable contexts; on the other hand, to show that when laughter arises our mind has reacted creatively, no matter how different the humorous situation, intention, or non-intention are. Finally, I explore the relationship of the studied contexts with classical theories on humor and the comical.</subfield>
   </datafield>
   <datafield ind1="8" ind2=" " tag="024">
      <subfield code="a">DUARTE, A. (2024). La risa: las hipótesis interpretativas en el humor verbal. Signa: Revista de la Asociación Española de Semiótica, 33, 431-444. https://doi.org/10.5944/signa.vol33.2024.36731</subfield>
   </datafield>
   <datafield ind1="8" ind2=" " tag="024">
      <subfield code="a">1133-3634</subfield>
   </datafield>
   <datafield ind1="8" ind2=" " tag="024">
      <subfield code="a">2951-8687</subfield>
   </datafield>
   <datafield ind1="8" ind2=" " tag="024">
      <subfield code="a">10.5944/signa.vol33.2024.36731</subfield>
   </datafield>
   <datafield ind1="8" ind2=" " tag="024">
      <subfield code="a">https://hdl.handle.net/20.500.14352/122323</subfield>
   </datafield>
   <datafield ind1="8" ind2=" " tag="024">
      <subfield code="a">2254-9307</subfield>
   </datafield>
   <datafield ind1="8" ind2=" " tag="024">
      <subfield code="a">https://doi.org/10.5944/signa.vol33.2024.36731</subfield>
   </datafield>
   <datafield ind1="8" ind2=" " tag="024">
      <subfield code="a">https://revistas.uned.es/index.php/signa/article/view/36731</subfield>
   </datafield>
   <datafield ind2="0" ind1="0" tag="245">
      <subfield code="a">La risa: las hipótesis interpretativas en el humor verbal</subfield>
   </datafield>
</record></metadata></record></GetRecord></OAI-PMH>